| 000 | 00961cam a2200277 i 4500 | ||
|---|---|---|---|
| 999 |
_c128955 _d128955 |
||
| 001 | 1327546 | ||
| 003 | ARRUPE | ||
| 005 | 20190212110750.0 | ||
| 008 | 780322s1973 quc b 000 0 fre | ||
| 010 | _a 78344074 | ||
| 015 | _aC*** | ||
| 040 |
_aDLC _cDLC _dDLC |
||
| 050 |
_aPR9408.M36 _bC4 Z63 |
||
| 082 | 0 | 0 |
_a809 s _a841 |
| 100 |
_aNathan, Fernand _944538 |
||
| 245 | 0 | 0 |
_aAimé Césaire : _becrivain martiniquais _cFernand Nathan |
| 260 |
_aParis _bFernand nathan _c1967. |
||
| 300 |
_a63 p. ; _c20 cm. |
||
| 440 |
_aLitterature Africaine _n9 _944539 |
||
| 500 | _aCover title. | ||
| 504 | _aIncludes bibliographical references. | ||
| 600 | 1 | 0 |
_aCésaire, Aimé _923598 |
| 906 |
_a7 _bcbc _corignew _d4 _encip _f19 _gy-gencatlg |
||
| 942 |
_2lcc _cMONOGRAPH |
||